Statistiques concernant Culture Générale - Série 248

Cliquez ici pour prendre le quiz!

Statistiques générales

  • Ce quiz a été pris 218 fois
  • Le résultat moyen est 6 sur 10

Statistiques - réponses

QuestionRéponse% Correct
Au rugby, combien de points un essai rapporte-t-il ?5
98%
Quel pays est divisé en 26 cantons, dont ceux d'Uri et de Fribourg ?La Suisse
95%
En rugby, quelle équipe a remporté le tournoi des VI Nations 2007 ?La France
87%
A qui Julie Pietri demandait-elle de se lever dans son titre de 1986 ?Eve
78%
Avec quel type de pâte un pâtissier prépare-t-il ses religieuses ?Pâte à choux
65%
A qui faut-il passer "le message" dans la chanson "Chacun sa route" ?A ton voisin
55%
Qui a composé "Requiem pour un con", la chanson du film "Le Pacha" ?Serge Gainsbourg
51%
Quel roman de Charles Dickens a été adapté au cinéma en 2005 par Roman Polanski ?Oliver Twist
29%
En 1973, qu'est-ce que Claude François vient faire "ce soir" ?Dîner
17%
Qui est l'interprète de la chanson : "Si" en 1980 ?Karen Cheryl
2%

Distribution des résultats

Percentile par nombre de réponses

% des personnes avec chaque résultat

Votre développement - résultats

Vous n’avez pas pris ce quiz